000 00385nam a2200145 i 4500
001 bg
100 1 _aPRZEWŁOCKA, Hanna
245 0 _aChemia ogólna.
_nCz. 2,
_pSystematyka pierwiastków /
_cHanna Przewłocka, Henryk Bela.
260 _aCzęstochowa,
_c1981.
700 1 _aBELA, Henryk
040 _cBPK
041 _apol
942 _cKS
008 s pl f |000 0 pol
999 _c20071
_d20071
856 _uhttp://koha.tu.koszalin.pl/cgi-bin/koha/opac-detail.pl?biblionumber=20071
_yKatalog online BPK